000 00750nam a2200229 a 4500
001 BRCA_5141
005 20190320204946.0
008 760413s1868 fr-#######---#000-0bfre-#
041 _afre
044 _afr
050 4 _aF1233
_b.K47 1868
100 1 _aKératry, E. de
_d1832-1904
_913133
245 1 0 _aLa Créance Jecker
_bles indemnités francaises et les emprunts mexicains
_cpar le Cte E. de Kératry.
260 _aParís
_bLibrairie Internationale
_c1868
300 _a158 p.
_c24 cm.
500 _aEstado físico: Cubierta deteriorada
500 _aDD58
651 4 _aMéxico
_xPolítica gubernamental
_y1861-1867
_913134
651 4 _aMéxico
_xHistoria
_yIntervención y segundo imperio, 1861-1867
_94638
902 _aGFM
942 _2lcc
_cB
999 _c4835
_d4835